|
|
|
|
| LEADER |
00000nas a22000007a 4500 |
| 001 |
ssj0015506 |
| 003 |
WaSeSS |
| 005 |
20200512172242.0 |
| 006 |
m d |
| 007 |
cr n |
| 008 |
941020c19959999vauwr p s 0 a0eng c |
| 010 |
|
|
|a sn 94005397
|
| 016 |
7 |
|
|a 1493886-8
|2 DE-600
|
| 016 |
7 |
|
|a 9889035
|2 DNLM
|
| 016 |
7 |
|
|a SR0083024
|2 DNLM
|
| 022 |
|
|
|l 1079-1582
|y 1079-1582
|
| 035 |
|
|
|a (WaSeSS)ssj0015506
|
| 037 |
|
|
|b Washington Crime News Services, 3918 Prosperity Ave., #318, Fairfax, VA 22031-3334
|c $345.00
|
| 040 |
|
|
|a NSD
|b eng
|c NSD
|d NLM
|d AU@
|d OCLCQ
|d HEBIS
|d OCLCQ
|d OCLCO
|d CUI
|d OCLCF
|d OCLCO
|d OCLCQ
|d WaSeSS
|
| 042 |
|
|
|a nsdp
|a pcc
|
| 082 |
1 |
0 |
|a 363
|2 12
|
| 210 |
0 |
|
|a Narc. enforc. prev. dig.
|
| 222 |
|
0 |
|a Narcotics enforcement & prevention digest
|
| 245 |
0 |
0 |
|a Narcotics enforcement & prevention digest
|h [electronic resource] /
|c Washington Crime News Services.
|
| 246 |
3 |
|
|a Narcotics enforcement and prevention digest
|
| 246 |
3 |
0 |
|a Enforcement & prevention digest
|
| 246 |
3 |
0 |
|a Narcotics
|
| 260 |
|
|
|a Fairfax, VA :
|b Washington Crime News Services
|
| 310 |
|
|
|a Weekly
|
| 362 |
1 |
|
|a Began in Jan. 1995?
|
| 500 |
|
|
|a Includes "Quarterly calendar of events."
|
| 506 |
|
|
|a License restrictions may limit access.
|
| 588 |
|
|
|a Description based on: Vol. 1, no. 2 (Jan. 12, 1995); title from caption.
|
| 650 |
|
0 |
|a Drug control
|v Periodicals.
|
| 650 |
|
0 |
|a Drug abuse
|v Periodicals.
|
| 650 |
|
7 |
|a Drug abuse.
|2 fast
|0 (OCoLC)fst00898480
|
| 650 |
|
7 |
|a Drug control.
|2 fast
|0 (OCoLC)fst01032891
|
| 655 |
|
0 |
|a Electronic journals.
|
| 710 |
2 |
|
|a Washington Crime News Services (U.S.)
|
| 780 |
0 |
0 |
|t Washington Crime News Services' narcotics demand reduction digest
|x 1043-8572
|w (DLC)sn 89006736
|
| 856 |
4 |
0 |
|z Full text available from Research Library: 10/12/2000 to 09/14/2007
|u https://search.proquest.com/publication/32328
|